书目信息 |
| 题名: |
民族建筑元素与环境艺术研究
|
|
| 作者: | 李倩 著 | |
| 分册: | ||
| 出版信息: | 长春 吉林大学出版社 2017.03 |
|
| 页数: | 264页 | |
| 开本: | 24cm | |
| 丛书名: | ||
| 单 册: | ||
| 中图分类: | TU29 | |
| 科图分类: | ||
| 主题词: | 民族建筑--建筑艺术--研究--中国 | |
| 电子资源: | ||
| ISBN: | 978-7-5677-9107-7 | |
| 000 | 00768nam0 2200217 450 | |
| 001 | 3709 | |
| 005 | 20181008133632.47 | |
| 010 | @a978-7-5677-9107-7@dCNY64.00 | |
| 100 | @a20180513d2017 emky0chiy50 ea | |
| 101 | 0 | @achi |
| 102 | @aCN@b220000 | |
| 105 | @aa z 000yy | |
| 200 | 1 | @a民族建筑元素与环境艺术研究@9min zu jian zhu yuan su yu huan jing yi shu yan jiu@f李倩著 |
| 210 | @a长春@c吉林大学出版社@d2017.03 | |
| 215 | @a264页@c图@d24cm | |
| 330 | @a本书共七章,内容包括:环境艺术设计的相关理论与创作的多维视角,西南地区少数民族建筑元素与环境艺术研究,高寒地区少数民族建筑元素与环境艺术研究等。 | |
| 606 | 0 | @a民族建筑@x建筑艺术@x研究@y中国 |
| 690 | @aTU29@v5 | |
| 701 | 0 | @a李倩@9li qian@4著 |
| 801 | 0 | @aCN@b91MARC@c20180513 |
| 905 | @aMuseLib@dTU29@e1450 | |
| 民族建筑元素与环境艺术研究/李倩著.-长春:吉林大学出版社,2017.03 |
| 264页:图;24cm |
| ISBN 978-7-5677-9107-7:CNY64.00 |
| 本书共七章,内容包括:环境艺术设计的相关理论与创作的多维视角,西南地区少数民族建筑元素与环境艺术研究,高寒地区少数民族建筑元素与环境艺术研究等。 |
| ● |
| 相关链接 |
|
|
|
|
正题名:民族建筑元素与环境艺术研究
索取号:TU29/1450
 
预约/预借
| 序号 | 登录号 | 条形码 | 馆藏地/架位号 | 状态 | 备注 |
| 1 | 1123337 | 211233379 | 第二样本阅览室/ [索取号:TU29/1450] | 在馆 | |
| 2 | 1123338 | 211233388 | 第三借阅区/ [索取号:TU29/1450] | 在馆 | |
| 3 | 1123339 | 211233397 | 第三借阅区/ [索取号:TU29/1450] | 在馆 | |
| 4 | 1123340 | 211233404 | 第三借阅区/ [索取号:TU29/1450] | 在馆 | |
| 5 | 1123341 | 211233413 | 密集书库-资源管理系/ [索取号:TU29/1450] | 在馆 |